Human Skeleton - Statistics

General Stats
  • This quiz has been taken 465 times
  • The average score is 11 of 15
Answer Stats
English Latin % Correct
skull cranium
92%
jawbone mandible
84%
collarbone clavicle
82%
thigh bone femur
81%
breastbone sternum
81%
kneecap patella
80%
arm ulna
80%
arm radius
77%
shoulder blade scapula
76%
shin bone tibia
73%
arm humerus
71%
tailbone coccyx
70%
leg fibula
69%
spine vertebra
64%
hip pelvis
59%
No matching quizzes found
Score Distribution
Percent of People with Each Score
Percentile by Number Answered
Your Score History
You have not taken this quiz